000 01071nam a2200205Ia 4500
001 21898
003 GE_BSU
008 181216s||||||||xx |||||||||||||| ||und||
040 _cGE_BSU
080 _aპერიოდიკა
245 _aსაქართველოს მეცნიერებათა ეროვნული აკადემია. მოამბე. იანვარი-თებერვალი-მარტი-აპრილი. ტ. 4, №1
245 _cმთავ რედ. თ. გამყრელიძე
250 _aსაქართველოს მეცნიერებათა ეროვნული აკადემია.
260 _aთბილისი
260 _c2010
300 _a187გვ. 30სმ.
653 _aმოამბე. იანვარი-თებერვალი-მარტი-აპრილი. ტ. 4, №1
653 _aსაქართველოს მეცნიერებათა ეროვნული აკადემია.
942 _cCR
999 _c54829
_d54829